| 000 | 00618nam a2200193 a 4500 | ||
|---|---|---|---|
| 001 | 3494 | ||
| 003 | CDMR | ||
| 005 | 20131115121801.0 | ||
| 008 | 130130s1974||||||||||||||||||||||||||||d | ||
| 040 |
_aCDMR _bcat _cCDMR |
||
| 100 | 1 |
_aWalger, Sylvina _92509 |
|
| 245 | 1 | 0 |
_aTV guía negra _b: una época de la televisión en la Argentina en otra época |
| 260 |
_aBuenos Aires _c1974 _bLa Flor |
||
| 650 | 0 | 4 |
_93680 _aTelevisió _zAmèrica Llatina |
| 650 | 0 | 4 |
_91190 _aTelevisió _xAspectes socials |
| 650 | 0 | 4 |
_94174 _aTelevisió i política |
| 650 | 0 | 4 |
_93243 _aMitjans de comunicació de massa _xManipulació |
| 942 |
_cMON _2udc |
||
| 999 |
_c3494 _d3494 |
||